| 000 | 00676nam a2200181Ia 4500 | ||
|---|---|---|---|
| 008 | 100921s9999 xx 000 0 und d | ||
| 082 |
_b13188 _a181.45 थ 77 |
||
| 100 | _aवैद्य ब.ल. | ||
| 245 | _aआरोग्यासाठी योगासने. | ||
| 260 |
_bमॅजेस्टीक बुक स्टॉल,मुंबई. _c1977 |
||
| 300 |
_a119 _b--- |
||
| 365 | _b8.5 | ||
| 520 | _aतत्वज्ञान-योग. | ||
| 630 | _aआरोग्यासाठी योगासने. | ||
| 650 | _aतत्वज्ञान-योग. | ||
| 730 | _aआरोग्यासाठी योगासने. | ||
| 942 | _cBOOK | ||
| 999 |
_c762301 _d762298 |
||